000 00603nam a2200217Ia 4500
003 OSt
005 20250423123335.0
008 241129s9999||||xx |||||||||||||| ||und||
020 _a9780192859082
040 _aSDCL
_beng
_cSDCL
041 _aeng
_2eng
084 _aV1:5'P R2
_qSDCL
100 _aRoy, Anupama
_9752796
245 0 _aCitizenship regimes, law and belonging :
_bThe CAA and NRC
260 _aNew York :
_bOxford University Press,
_c2022.
300 _avi,270p.
365 _aINR
_b1495
650 _aPolitical Science
_9752783
942 _cTEXL
_2CC
_n0
999 _c1233943
_d1233943